Central Library OPAC University of Rajshahi

Technology in biological control / (Record no. 37202)

MARC details
000 -LEADER
fixed length control field 00802nam a2200253 a 4500
001 - CONTROL NUMBER
control field 37202
003 - CONTROL NUMBER IDENTIFIER
rucl marc code BD-RjUL
005 - DATE AND TIME OF LATEST TRANSACTION
control field 20211209052604.0
008 - FIXED-LENGTH DATA ELEMENTS--GENERAL INFORMATION
fixed length control field 141112s1998 ii a|||| |||| 001 0 eng d
020 ## - INTERNATIONAL STANDARD BOOK NUMBER
International Standard Book Number 8120412273
035 ## - SYSTEM CONTROL NUMBER
System control number (BD-RjUL)37304
040 ## - CATALOGING SOURCE
Original cataloging agency BD-RjUL
Language of cataloging eng
Transcribing agency BD-RjUL
041 ## - LANGUAGE CODE
Language code of text/sound track or separate title eng
082 ## - DEWEY DECIMAL CLASSIFICATION NUMBER
Classification number 632.752
Author mark and year TEC 1998
245 ## - TITLE STATEMENT
Title Technology in biological control /
Statement of responsibility, etc. Editor, T. N. Ananthakrishnan.
260 ## - PUBLICATION, DISTRIBUTION, ETC. (IMPRINT)
Place of publication, distribution, etc. Delhi :
Name of publisher, distributor, etc. Oxford & IBC Publishing co.Pvt. Ltd.,
Date of publication, distribution, etc. 1998.
300 ## - PHYSICAL DESCRIPTION
Pagination vi, 124 p. :
Illustrations ill. ;
Size 25 cm.
500 ## - GENERAL NOTE
General note Includes index.
650 ## - SUBJECT ADDED ENTRY--TOPICAL TERM
Topical term or geographic name as entry element Insect pests
General subdivision Biological control.
9 (RLIN) 113904
Topical term or geographic name as entry element Agricultural pests
General subdivision Biological control.
9 (RLIN) 113905
Topical term or geographic name as entry element Pests
General subdivision Biological control.
9 (RLIN) 113906
700 ## - ADDED ENTRY--PERSONAL NAME
Personal name Ananthakrishnan, T. N.
942 ## - ADDED ENTRY ELEMENTS (KOHA)
Source of classification or shelving scheme Dewey Decimal Classification
Koha item type Books
Holdings
Lost status Source of classification or shelving scheme Damaged status Not for loan Collection code Permanent Location Current Location Shelving location Date acquired Cost, normal purchase price Total Checkouts Full call number Date last seen Copy number Koha item type
  Dewey Decimal Classification   Not For Loan Non-fiction Institute of Biological Sciences (IBSc) Library Institute of Biological Sciences (IBSc) Library   12/11/2014 575.00   632.752 TEC 1998 12/11/2014 C-1 Books